00601nam a2200193Ia 450000500170000000800410001702000160005808200130007410000180008724500740010526000550017930000190023465000110025365000120026465000150027694200060029195200950029799900150039220241220065544.0240331s9999 xx 000 0 und d a95592612203 bGOOa823 aGooneratne, Y 0aCelebrating Sri Lanka women's english Writing :b1948-2000- Volume II aColombobWomen's Education & Research Centrec2002 aviii, 450 p ., aPoetry aEnglish aLiterature cL 001040708LaWERCLbWERCLcSSCd2024-03-31l0o 823 GOOp4692r2024-03-31w2024-03-31yL c3318d3318